| 000 | 00663nam a2200205 a 4500 | ||
|---|---|---|---|
| 005 | 20240228063838.0 | ||
| 008 | 010925s1999 es r 000 0 spa d | ||
| 020 | _a8495040018 | ||
| 035 | _aUPN01000112006 | ||
| 049 | _aI | ||
| 050 | 4 |
_aND160 _bA5.6 |
|
| 100 | 1 |
_aAnholt, Laurence, _d1959- _931824 |
|
| 245 | 1 | 0 |
_aPicasso y Sylvette : _bun cuento sobre Pablo Picasso / _cLaurence Anholt ; tr. Xavier Borrás Calvo. |
| 260 |
_aBarcelona, Esp. : _bSerres, _c1999. |
||
| 300 |
_a[25] p. : _bprincipalmente il. col. |
||
| 650 | 4 | _aPINTURA MODERNA | |
| 650 | 4 |
_aLibros y lectura para niños _92290 |
|
| 600 | 1 | 4 |
_aPICASSO, PABLO, _d1881-1973 _913499 |
| 905 | _aInfantil | ||
| 999 |
_c85914 _d85914 |
||